Ekonomika a riadenie priemyselných podnikov praktikum

Uložené v:
Podrobná bibliografia
Hlavný autor: Sedlák, Mikuláš
Korporativný autor: Vysoká škola ekonomická v Bratislave. Fakulta ekonomiky a riadenia výrobných odvetví
Médium: Kniha
Jazyk:Slovak
Vydavateľské údaje: Bratislava Vysoká škola ekonomická 1984
Tagy: Pridať tag
Žiadne tagy, Buďte prvý, kto otaguje tento záznam!

MARC

LEADER 00000nam a2200000 4500
001 c115397
005 20230116103221.0
041 0 |a slo 
044 |a SK 
245 1 0 |a Ekonomika a riadenie priemyselných podnikov  |b praktikum  |c Mikuláš Sedlák a kol. 
264 1 |a Bratislava  |b Vysoká škola ekonomická  |c 1984 
300 |a 166 s. 
100 1 |a Sedlák, Mikuláš 
710 2 |a Vysoká škola ekonomická v Bratislave. Fakulta ekonomiky a riadenia výrobných odvetví